Größter Traditionsverein von jedes Bundeslandes - Statistiken

Allgemein
  • Dieses Quiz wurde 220 mal gespielt
  • Das Durchschnittsergebnis liegt bei 10 aus 16
Antwortstatistiken
Bundesland Verein % Korrekt
Bremen Werder Bremen
93%
Berlin Hertha BSC
88%
Sachsen Dynamo Dresden
78%
Niedersachsen Hannover 96
75%
Hamburg Hamburger SV
73%
Baden - Württemberg VfB Stuttgart
73%
Nordrhein - Westfalen BVB | Borussia Mönchengladbach | 1. FC Köln | FC Schalke 04
72%
Hessen SG Eintracht Frankfurt
69%
Mecklenburg - Vorpommern FC Hansa Rostock
66%
Schleswig - Holstein Holstein Kiel
63%
Saarland 1. FC Saarbrücken
57%
Brandenburg Energie Cottbus
55%
Sachsen - Anhalt 1. FC Magdeburg
48%
Rheinland - Pfalz 1. FC Kaiserslautern
45%
Thüringen FC Rot-Weiß Erfurt
41%
Bayern TSV 1860 München
23%
Keine übereinstimmenden Quizze gefunden
Verteilung der Resultate
Anzahl Personen mit jedem Resultat
Perzentil nach korrekt beantworteten Fragen
Ihre Resultats-Entwicklung
Sie haben dieses Quiz noch nicht gespielt